| 000 | 00439nam a2200181Ia 4500 | ||
|---|---|---|---|
| 008 | 180207s9999 xx 000 0 und d | ||
| 020 | _a9780007230846 | ||
| 050 | _bH893 2007 | ||
| 100 | _aHughes, Jon. | ||
| 245 | _aWhat happened to the dinosaurs? | ||
| 245 | _cJon Hughes. | ||
| 260 | _aLondon : | ||
| 260 | _bCollins, | ||
| 260 | _c2007 | ||
| 300 | _a31 pages : | ||
| 300 | _bcolor illustration ; | ||
| 440 | _aCollins big cat. | ||
| 999 |
_c355209 _d355209 |
||